| 000 | 00700nam a22002297a 4500 | ||
|---|---|---|---|
| 003 | UA-OsUOA | ||
| 001 | 39948 | ||
| 007 | ta | ||
| 008 | 20060707b un ||||| |||| 00| 0 ukr d | ||
| 090 |
_a23/28 _bП89 |
||
| 942 | _cBK | ||
| 040 |
_aUA-OsUOA _bukr _cUA-OsUOA _dUA-OsUOA |
||
| 245 |
_a"Пустіть дітей приходити до мене..." _bПідручник для недільних шкіл |
||
| 300 | _a260 с. | ||
| 955 | _a2 | ||
| 041 | _aukr | ||
| 080 | _a23/28 | ||
| 020 | _a966-8410-27-0 | ||
| 260 |
_aГлибока _bБлагодатний вогонь _c2005 |
||
| 650 | 7 |
_a23/28 Християнство. Християнська релігія _2UDC |
|
| 999 |
_c326087 _d326087 |
||